Statistics for Polynesian Languages with over 1,000 Speakers

Click here to take the quiz!

General Stats

  • This quiz has been taken 115 times
  • The average score is 9 of 16

Answer Stats

HintAnswer% Correct
100,000New Zealand Māori
95%
21,345Cook Islands Māori
93%
510,000Samoan
91%
187,000Tongan
91%
20,000Hawaiian
85%
10,000Tuvaluan
73%
68,260Tahitian
72%
2,000Niuean
50%
10,400Wallisian
46%
1,000Rapa Nui
45%
1,400Tokelauan
41%
3,600Futunan
36%
8,700Marquesan
36%
8,000Austral
27%
4,000Tuamotuan
22%
7,500Rotuman
12%

Score Distribution

Percentile by Number Answered

Percent of People with Each Score

Your Score History

You have not taken this quiz